| 000 | 00669nam a2200217Ia 4500 | ||
|---|---|---|---|
| 003 | GCL | ||
| 008 | 140319s9999 xx 000 0 ara d | ||
| 020 | _a8415937977 | ||
| 040 |
_aGCL / _cGCL |
||
| 082 | 0 | 4 |
_a301.20953 _bع ث |
| 100 | 1 | _aعصمت نصار | |
| 245 | 1 | 0 |
_aثقافتنا العربية بين الايمان والالحاد / _cعصمت نصار |
| 260 |
_aالقاهرة : _bدار العلم |
||
| 300 |
_a461 ص ؛ _c24 سم |
||
| 490 | _a | ||
| 650 | 0 | 4 | _aالوعى الاجتماعى |
| 650 | 0 | 4 | _aالعلاقات الثقافية |
| 650 | 0 | 4 | _aالمعرفة |
| 650 | 0 | 4 | _aالثقافة العربية - تاريخ |
| 942 |
_2ddc _cBK |
||
| 999 |
_c52873 _d52873 |
||